Statistics for States That Shifted to Biden in 2020

Click here to take the quiz!

General Stats

  • This quiz has been taken 12,286 times
  • The average score is 4 of 5

Answer Stats

State% Correct
Georgia
91%
Pennsylvania
87%
Michigan
85%
Arizona
84%
Wisconsin
78%

Score Distribution

Percentile by Number Answered

Percent of People with Each Score

Your Score History

You have not taken this quiz